| 000 | 00823nam a2200277 i 4500 | ||
|---|---|---|---|
| 001 | 000039519 | ||
| 003 | DO-SdBNP | ||
| 005 | 20241001154219.0 | ||
| 007 | ta | ||
| 008 | 130704s1986 dr 000 0 spa d | ||
| 040 |
_aDO-SdBNP _bspa _cBNPHU _erda |
||
| 082 | 4 |
_a345.7293 _bR175n _222 |
|
| 100 | 1 |
_aRamos, Leoncio, _eautor _4aut. _965698 |
|
| 245 | 1 | 0 |
_aNotas de derecho penal dominicano / _cLeoncio Ramos. |
| 250 | _a2a edición | ||
| 264 |
_aSanto Domingo : _bEditora Tiempo, _c1986. |
||
| 300 |
_a533 páginas ; _c23 cm. |
||
| 336 |
_atexto _btxt _2rdacontent |
||
| 337 |
_asin mediación _bn _2rdamedia |
||
| 338 |
_avolumen _bnc _2rdacarrier |
||
| 490 | 1 |
_aEstudios Jurídicos _v1 |
|
| 590 | _ainventariado, 2023 / DG | ||
| 650 | 4 |
_aDerecho penal _zRepública Dominicana _916470 |
|
| 910 | _aDG | ||
| 942 |
_2ddc _cLBS1 |
||
| 999 |
_c39009 _d39009 |
||